000 00703nam a22002175i 4500
001 176218
003 ES-MaACL
005 20230906220024.0
008 101227s19281936sp a |||| | spa d
080 _a71/72(460.285 T.)
245 0 0 _aToledo.
260 _a[Madrid] :
_bPatronato Nacional de Turismo,
_c[1928-1936?]
300 _a[14], 200 p. :
_bprincipalmente il. bl. y n. ;
_c27 cm.
490 1 _aCiudades de España ;
_v2
500 _aEn port. : 200 láminas.
651 4 _aToledo-
_xDescripción.
_99441
710 2 _aPatronato Nacional del Turismo (España)
_96194
830 0 _aCiudades de España ;
_v2
_9189986
852 _aES-MaACL
_jE-13888
_xOlim P-932
999 _c176218
_d176218